000 00395nam a2200133Ia 4500
005 20260328104252.0
008 260328s9999||||xx |||||||||||||| ||und||
100 _aCovarino, Silvio
245 0 _aGuìa de diagnóstico Urbano :
_b Participativo para Asentamientos precarios /
_cSilvio Covarino
260 _bUniversidad Rafael Landívar
300 _a136 p.
650 _aURBANISMO
942 _cBK
999 _c10303
_d10303